000 00512nam a2200181Ia 4500
005 20250326125135.0
008 250326s9999 xx 000 0 und d
037 _aTextbook
040 _aFMSL
_beng
_cFMSL
041 _aeng
_2eng
084 _aX:979C.58 K9
_qFMSL
100 _aMcauley M
_9738548
245 0 _aLabour disputes in soviet russia 1957-1965
_cMcauley M
260 _aOxford
_bOxford, Clarendon
_c1969
300 _a269p
942 _cTB
_hX:979C.58 K9
999 _c1276718
_d1276718